000 00644nam a2200265Ia 4500
005 20260121161352.0
008 008 260114s9999 xx 000 0 eng d
020 _a9780203769331
037 _aEBOOK
040 _aCRL
040 _beng
040 _cCRL
041 _2eng
041 _aeng
084 _qCRL
100 _aWork-Life Balance
_91043677
245 0 _aMargaret Adams
260 _bTaylor and Francis
260 _c2006
650 _aContinuing Professional Development
_91043678
856 _uhttp://www.taylorfrancis.com/books/9780203769331
942 _cEBOOK
999 _c1610243
_d1610243